000 00291nam a22001217a 4500
008 260423b |||||||| |||| 00| 0 eng d
082 _a001329
100 _aDvivedi, Ramayana
245 _aCharudattam
260 _aDelhi
_bNew Bharatiya Book Corporation
_c1988
300 _a93p
942 _2ddc
999 _c1286
_d1286